| 000 | 00894nam a2200265 i 4500 | ||
|---|---|---|---|
| 001 | bg | ||
| 100 | 1 | _aJakliński, Lech. | |
| 245 | 1 | 0 |
_aMechanika układu pojazd-teren w teorii i badaniach : _bwybrane zagadnienia / _cLech Jakliński. |
| 260 |
_aWarszawa : _bOficyna Wydawnicza Politechniki Warszawskiej, _c2006. |
||
| 300 |
_a171 s. : _bil. ; _c23 cm. |
||
| 504 | _aBibliogr. s. 167-171. | ||
| 650 | 9 |
_aGleba _xmechanika |
|
| 650 | 9 |
_aMetoda elementów skończonych _xstosowanie |
|
| 650 | 9 |
_aPojazdy mechaniczne _xmechanika _xmodele matematyczne |
|
| 015 | _aPB 20836/2007 | ||
| 020 | _a8372075956 | ||
| 040 | _cBPK | ||
| 041 | 0 | _apol | |
| 044 | _aPOL | ||
| 080 | _a629.3:631.43:531.3:519.61/.64:519.87 | ||
| 920 | _a83-7207-595-6 | ||
| 942 | _cKS | ||
| 008 | 060807s2006 pl a f |000 0 pol | ||
| 999 |
_c54887 _d54887 |
||
| 856 |
_uhttp://koha.tu.koszalin.pl/cgi-bin/koha/opac-detail.pl?biblionumber=54887 _yKatalog online BPK |
||